Statistieken voor Limburgse Gemeenten op de Kaart

Klik hier om de quiz te nemen!

Algemene statistieken

  • Deze quiz is 3.185 keer genomen
  • De gemiddelde score is 27 van 42

Antwoorden op de kaart

Antwoorden kleurgecodeerd door een groen-rode schaal op de quizkaart volgens % correct hieronder.
 

Antwoordstatistieken

Gemeente% Correct
Hasselt
97%
Genk
93%
Sint-Truiden
86%
Maasmechelen
83%
Tongeren
83%
Voeren
83%
Lommel
82%
Maaseik
82%
Pelt
77%
Beringen
75%
Peer
75%
Ham
72%
Bree
71%
Bilzen
68%
Hamont-Achel
67%
Houthalen-Helchteren
67%
Heusden-Zolder
64%
Tessenderlo
64%
Diepenbeek
63%
Lanaken
63%
Alken
62%
Zonhoven
62%
As
61%
Leopoldsburg
61%
Dilsen-Stokkem
59%
Hechtel-Eksel
59%
Kinrooi
59%
Lummen
58%
Borgloon
56%
Riemst
56%
Zutendaal
56%
Bocholt
55%
Herk-de-Stad
55%
Oudsbergen
55%
Halen
51%
Herstappe
48%
Hoeselt
48%
Heers
46%
Gingelom
44%
Kortessem
44%
Wellen
44%
Nieuwerkerken
42%

Scoreverdeling

Percentiel versus Aantal Correcte Antwoorden

Procent van Mensen met Elke Score

Uw Scoregeschiedenis

U heeft deze quiz nog niet genomen